Gravity: an introduction to Einstein's general relativity

Na minha lista:
Detalhes bibliográficos
Autor principal: Hartle, James B (Author)
Formato: Livro
Idioma:inglês
Publicado em: San Francisco Pearson Education 2003
Assuntos:
Tags: Adicionar Tag
Sem tags, seja o primeiro a adicionar uma tag!

MARC

LEADER 00000cam a2200000 a 4500
001 UCL9376
003 CL-VaPUC
008 040806e20030000US |||||||||||||||||eng|d
020 |a 0805386629 
082 0 4 |a 530.11  |b HAR  |2 21 
100 0 |a Hartle, James B  |e author  |9 487166 
245 1 0 |a Gravity: an introduction to Einstein's general relativity 
300 |a 582 p 
942 |c BK 
945 |d 20040806 00:00:00  |a cmena 
260 |a San Francisco  |b Pearson Education  |c 2003 
600 0 |a Einstein, Albert   |e autor  |9 266229 
650 0 |a Teoría de la relatividad   |9 266149 
650 0 |a Física matemática   |9 260981 
650 0 |a Espacio y tiempo  |9 265042 
650 0 |a Propagación de ondas  |9 263256 
650 0 |a Cosmología  |9 269138 
583 |a last modification  |c 20121031 04:12:56  |k Rodrigo Vera 
999 |c 310171  |d 310169 
952 |0 0  |1 0  |4 0  |6 530_110000000000000_HAR_2003  |7 0  |8 A  |9 378411  |a BIBCUR  |b BIBCUR  |d 2019-11-21  |i 4045890  |o 530.11 HAR 2003  |p 4045890  |r 2025-04-22  |w 2019-11-21  |y BK  |k FIS 
952 |0 0  |1 0  |4 0  |6 530_110000000000000_HAR_2003  |7 0  |8 A  |9 378412  |a BIBCUR  |b BIBCUR  |d 2019-11-21  |i 4348680  |l 1  |m 1  |o 530.11 HAR 2003  |p 4348680  |q 2025-05-12  |r 2025-04-29  |s 2025-04-29  |w 2019-11-21  |y BK  |k FIS 
952 |0 0  |1 0  |4 0  |6 530_110000000000000_HAR_2003  |7 0  |8 A  |9 378413  |a BIBCUR  |b BIBCUR  |d 2019-11-21  |i 4921356  |o 530.11 HAR 2003  |p 4921356  |r 2025-04-22  |w 2019-11-21  |y BK  |k FIS 
952 |0 0  |1 0  |3 erd  |4 0  |6 530_110000000000000_HAR_2003  |7 0  |8 A  |9 378414  |a BIBCUR  |b BIBCUR  |i 5129796  |o 530.11 HAR 2003  |p 5129796  |r 2025-04-22  |w 2019-11-21  |y BK  |z Catalogado en:20141211  |k FIS